00600nas a2200169 a 4500003000500000005001700005008004100022020001800063040001400081245008000095260003600175300001400211500005100225500007100276650003300347650005000380CDMR20160307163816.0130130c1961||||-ukar|||||||| 00||||eng|d a9780955548161 bcatcCDMR00aWorld Radio TV Handbookb: WRTH : the directory of global broadcasting 2016 c2015bWRTH PublicationsaOxford av.c22 cm aVolum 70 del manual, corresponent a l'any 2016 aCanvia l'ISBN a partir de l'any 2014. ISBN anterior: 978095554815404aRadiodifusió internacional04aMitjans de comunicació de massavDirectoris